Générique Team Galaxy - Paroles - Statistiques

Statistiques générales
  • Ce quiz a été pris 8 fois
  • Le résultat moyen est 7 sur 12
Statistiques - réponses
Paroles % Correct
Quatre, trois, deux, {un}
100%
Tu n'es pas fait pour garder les pieds sur {terre}
100%
Tu veux percer les secrets de l'{univers}
86%
Avec Team {Galaxy}
71%
Avec Team {Galaxy}
71%
On a peur de {rien}
71%
Au sein d'une team où la vie n'est qu'{aventure}
57%
Offrons nous le {futur}
57%
Non rien, non rien ni {personne}
43%
Tu feras {demain}
43%
Foncer vers l'{infini}
29%
Rien ne nous {étonne}
0%
Aucun quiz correspondant
Distribution des résultats
% des personnes avec chaque résultat
Percentile par nombre de réponses
Votre historique - résultats
Vous n’avez pas pris ce quiz